Quizzes
Events
Quiz Creation
Community
Videos
Private Events
Remove Ads
Sign In
Join for FREE
Feedback
Dark Mode
Quiz Categories
Sports
Geography
Music
Movies
Television
Just For Fun
Miscellaneous
History
Literature
Language
Science
Gaming
Entertainment
Religion
Holiday
For Kids
Quiz Lab
Recent
Popular Today
Quiz Kudos Today
Editor Picks
Curator Picks
Quizzes by...
Day
Popularity
Type
Ratings
Length
Year
Community
Subscriptions
Recent Discussions
Orange Saloon
Badges
Playlists
Quests
Create
Leaderboards
Showdown
Live 5
Trivia Bingo
Activity
Puzzle Library
Sporcle Events
Private Events
Virtual Trivia
Globe League
Become a Host
Pub Owners
SporcleCon
Opinionation
Our Games
Videos
Blog
Mobile Apps
Partnerships
Remove Ads and Go Orange
Feedback
Geography
Country
Landmarks
City
State
Population
World
Capital
Continent
Flags
Europe
Africa
Asia
South America
North America
Oceania
Border
Canada
United Kingdom
Topography
United States
Geography
Country
Landmarks
City
State
Population
World
Capital
Continent
Flags
Europe
Africa
Asia
South America
North America
Oceania
Border
Canada
United Kingdom
Topography
United States
Random Quiz
Search Sporcle
×
Quiz Lab
Quiz Lab
Geography
Country
Type in answers that appear in a list
Type in answers that appear in a list
Classic
Best Score? Go Orange.
Country Names in Hebrew Stats
Can you name the Countries Named in Hebrew?
By
Daffidovic
4m
20 Questions
1,199 Plays
1,199 Plays
1,199 Plays
Comments
Comments
Give Quiz Kudos
Give Quiz Kudos
-
- Ratings
hide this ad
Forced Order
Answers have to be entered in order
Answers have to be entered in order
Random Order
Randomize order of answers
Randomize order of answers
Replay
Link that replays current quiz
Next Quiz
Link to next quiz in quiz playlist
You Got
0%
They Got
Avg Score
62%
Avg Friend Score
Upgrade to see
Score Distribution
Jump to the score distribution portion of the page
Score
0/20
Timer
04:00
0
Plays Today
Hebrew Names
Country
% Correct
Polin
Poland
94%
Yapan
Japan
92.1%
Norvegia
Norway
91.4%
Holland
Netherlands
84.4%
Yarden
Jordan
74.4%
Arav HaSa'udit
Saudi Arabia
73.4%
Sin
China
72.7%
Ichud Ha'Emiru'yot Ha'Aravi'ot
United Arab Emirates
70.5%
Mitzra'im
Egypt
69.9%
Shvedia
Sweden
67.5%
Hebrew Names
Country
% Correct
Artzot HaBrit
United States
62.2%
Sfarad
Spain
61.1%
Tzarfat
France
58%
Hodu
India
55.2%
Lita
Lithuania
49.2%
Yavan
Greece
45.5%
Teyman
Yemen
43.4%
Kafrisin
Cyprus
27.5%
Loov
Libya
25.4%
Khof HaShenhav
Côte d'Ivoire
25.1%
Quiz Playlist
Details
Report
Send in Message
Add To Playlist
Classic:
Type in answers that appear in a list
Forced Order:
Answers have to be entered in order
Random Order:
Randomize order of answers
Last Updated: Feb 16, 2017
Quiz Scoreboard
CHALLENGE
Sign Up to Join the Scoreboard
Show All
Scores
Hide
Comments
May contain spoilers
Recently Published
Click the 1999 NBA Draft
by nibperrychub
Sports
2m
Alphabetical 'K' Countries by Flag Minefield
by ylime102
Geography
3m
Pick 6: Fruits
by JohnFran
Miscellaneous
15s
More to Explore
Quiz From the Vault
Featured Blog Post
15 Basketball Trivia Facts You Can Be March Mad About
hide this ad
You Might Also Like...
Tags
Country Quiz
Hebrew
name
Today's Top Quizzes in Geography
Browse Geography
hide this ad
Today's Top Quizzes in Country
Browse Country
Top Contributed Quizzes in Geography
1
Complete the Map Snippet (Minefield) IX
2
Countries of the World - No Outlines Minefield
3
Alphabetical 'B' Countries by Flag Minefield
4
Find the Landmarks A-Z
5
Alphabetical 'L' Countries By Flag Minefield
6
Countries of Africa - No Outlines, No Skips Minefield
7
Alphabetical 'A' Countries by Flag Minefield
8
Pick 6: Mountains
9
30 Pics in 60: Landmarks
10
Alphabetical 'N' Countries by Flag Minefield
Explore More
Trending Topics
Crossword
NBA
Harry Potter
Anime
Kpop
Marvel
Disney
Country
Pokémon
Song
The Office
Soccer
NFL
Puzzle
WWE
hide this ad
More By:
Daffidovic
Quiz
Plays
Rating
Category
Featured
Created
Cities of Israel
1,815
2.82
Geography
Oct 22, 2009
Country Names in Hebrew
1,199
4.56
Geography
Nov 29, 2009
Nations Bidding to Host the FIFA World Cup
984
4.36
Geography
Jul 2, 2010
Rulers of Jerusalem
531
3.50
History
Nov 16, 2009
1948 Palestine War Participants
524
4.20
History
Nov 13, 2009
Go to Creator's Profile
Score Distribution
Quiz Creator Spotlight
Daffidovic
Follow
Send a Message
Quizzes Created
-
Created Quiz Play Count
-
More By This Creator
Popular Quizzes Today
1
Find the US States - No Outlines Minefield
2
Countries of Asia Without Outlines Minefield
3
Pick 6: Fruits
4
Alphabetical 'K' Countries by Flag Minefield
5
The Countries of the World
6
Click the 1999 NBA Draft
7
Match the Book to the Film X
8
Find the US States
More Geography Quizzes
Invisible Non-Ocean State Minefield
Quiz Lab
Trending Quizzes
Pick 6: Harry Potter
Pick 6: Golfers
Donkey Kong Minefield
DC Extended Universe: Oldest to Newest
Multiplication Danger Zone
Recently Updated
Women's Final Four Teams by Year
bhenderson79
Presidents Quartet II
eogle
Anything But Clue(do)
eogle
Anything But Oceanian Capitals
eogle
Anything But 7
eogle
Anything But Thing
eogle
Word Ladder: February 29
pecheneg
Song Title Questions
pecheneg
Women's NCAA Tournament #1 Seeds
pecheneg
Celebrity Mug Shots
pecheneg
Trending Topics
NBA
Anime
Disney
Harry Potter
Kpop
Crossword
Marvel
Country
Pokémon
NFL
Soccer
Puzzle
WWE
Song
The Office
Your Account Isn't Verified!
In order to create a playlist on Sporcle, you need to verify the email address you used during registration. Go to your
Sporcle Settings
to finish the process.
Report this User
Report this user for behavior that violates our
Community Guidelines
.
Details:
Send Report
Go to the Sporcle.com Mobile Site →
Comments